00657nam a2200241 a 4500001001300000003000900013005001700022008004100039020001000080082001300090100001400103245003500117260004800152300000900200500003500209505001800244650001600262700001400278902000800292942000700300952009300307999001500400nice12345678IN_TiNIC20260116011429.0050524s1904 laha grp 000 0 urd  ac10000a239bDAL aDale, R W aZinda Masih Aur Anajil-E-Arba` aLahorebPunjab Religious Booksociety c1904 a232p aincludes index and biblioraphy2 aIndex Nominvm aApologetics1 aDale, R W bSRS cBK 00104070aHMIbHMId2007-06-21g100.00l0o239 DALp2175r2007-06-21w2026-01-16yARB c1461d1461